Título en la letra 1 - Estadísticas

Estadísticas generales
  • Esta prueba ha sido intentada 4.085 veces
  • La puntuación promedio es 10 de 15
Estadísticas de respuestas
Letra % Correcto
A ella le gusta la {gasolina} / (Dame más {gasolina}) / Cómo le encanta la {gasolina} / (Dame más {gasolina})
90%
¿Y quién me va a entregar sus emociones? / ¿Quién me va a pedir que nunca le abandone? / ¿Quién me tapará esta noche si hace frío? /¿Quién me va a curar el {corazón} {partío}?
86%
{Ave} {María}, ¿cuándo serás mía? / Si me quisieras, todo te daría / {Ave} {María}, ¿cuándo serás mía? / Al mismo cielo yo te llevaría
82%
{Despacito} / Quiero respirar tu cuello {despacito}/ Deja que te diga cosas al oído / Para que te acuerdes si no estás conmigo
80%
Que yo sé que la sonrisa / Que se dibuja en mi cara / Tiene que ver con la brisa / Que abanica tu mirada / Tan despacio y tan deprisa / Tan normal y tan extraña / Yo me parto la camisa / {Como} {Camarón}
74%
{Soldadito} {marinero} conociste a una sirena / De esas que dicen te quiero si ven la cartera llena
74%
Mi destino es el que yo decido / El que yo elijo para mi / ¿{A} {quién} {le} {importa} lo que yo haga? / ¿{A} {quién} {le} {importa} lo que yo diga?/ Yo soy así, y así seguiré, nunca cambiaré
72%
Con dinero y sin dinero / Yo hago siempre lo que quiero / Y mi palabra es la ley / No tengo trono ni reina / Ni nadie que me comprenda / Pero sigo siendo {el} {rey}
69%
{Labios} {compartidos} / Labios divididos, mi amor / Yo no puedo compartir tus labios / Que comparto el engaño / Y comparto mis días y el dolor
66%
Y ando {despechá}, oah, alocá' / Bajé con un flow nuevo de caja, baby, hackeá' / Lo muevo de la'o a la'o y a otro la'o / Hoy salgo con mi baby de la disco coroná'
65%
No quiero que me perdones / Y no me pidas perdón / No me niegues que me buscaste / Nada, nada de esto / {Nada} de esto {fue} {un} {error}
62%
{A} {tu} {vera}, siempre a la verita tuya / Siempre a la verita tuya / Hasta que por ti me muera
53%
{Vivir} {así} {es} {morir} {de} {amor} / Por amor tengo el alma herida / Por amor no quiero más vida que su vida / Melancolía
48%
Hoy podrás beber y lamentar / Que ya no volverán / Sus alas a volar / Y {cien} {gaviotas}, ¿dónde irán?
39%
Y eso que yo / Para no agobiar con flores a María / Para no asediarla con mi antología / De sábanas frías y alcobas vacías / Para no comprarla con bisutería / Ni ser el fantoche que va en romería / Con la cofradíadel Santo Reproche / Tanto la quería / Que tardé en aprender a olvidarla / {diecinueve} {días} {y} {quinientas} {noches}
38%
No se encontraron pruebas coincidentes
Distribución de puntuación
Porcentaje de gente con cada puntuación
Porcentaje por número respondido
Historial de tus puntuaciones
No has intentado esta prueba.